• 首页
  • 本馆介绍
  • 公告通知
  • 最新文献
  • 馆藏检索
  • 电子资源
  • 读者荐购
  • 参考咨询
  • CALIS
  • 我的图书馆
  • 登录
  • 详细信息显示
  • 放入我的书架
  • 预约/预借图书
  • 作者相关作品
  • 分类相关作品
  • 丛书相关作品
  • 出版社相关作品

书目信息

  • 表格格式
  • 工作单格式
  • 卡片格式
题名:
10小时直觉速记六级考试核心词汇
    
 
作者: ;大耳朵工作室 编著
分册:  
出版信息: 北京   中国水利水电出版社  2009.01
页数: 343页
开本: 19cm
丛书名: MP3酷炫英语丛书
单 册:
中图分类: H313.1
科图分类:
主题词: 英语--ying yu--词汇--记忆术--高等学校--自学参考资料
电子资源:
ISBN: 978-7-5084-5970-7
 
 
 
 
 
000 01009nam 2200265 450
001 012009944702
005 20091018160700.18
010    @a978-7-5084-5970-7@dCNY20.00 (含光盘)
010    @a978-7-88714-232-0@b光盘
100    @a20091018d2009 em y0chiy0120 ea
101 0  @achi@aeng
102    @aCN@b110000
105    @ay z 000yy
106    @ar
200 1  @a10小时直觉速记六级考试核心词汇@A10 xiao shi zhi jue su ji liu ji kao shi he xin ci hui@f大耳朵工作室编著@Fda er duo gong zuo shi bian zhu
210    @a北京@c中国水利水电出版社@d2009.01
215    @a343页@d19cm@e光盘1片
225 2  @aMP3酷炫英语丛书@AMP3 ku xuan ying yu cong shu
330    @a本书所选单词全部来自于大学英语教学大纲规定的词汇表,为考生参加英语六级考试所必备的核心词汇。
410  0 @12001 @aMP3酷炫英语丛书
606 0  @a英语@Aying yu@x词汇@x记忆术@x高等学校@j自学参考资料
690    @aH313.1@v4
711 02 @a大耳朵工作室@Ada er duo gong zuo shi@4编著
801  0 @aCN@bQSSK@c20091018
905    @b764303-07@dH313.1@eD028@f5
    
    10小时直觉速记六级考试核心词汇/大耳朵工作室编著.-北京:中国水利水电出版社,2009.01
    343页;19cm+光盘1片.-(MP3酷炫英语丛书)
    
    
    ISBN 978-7-5084-5970-7:CNY20.00 (含光盘)
    本书所选单词全部来自于大学英语教学大纲规定的词汇表,为考生参加英语六级考试所必备的核心词汇。
●
相关链接 在E读中查询图书 在当当中查询图书 在豆瓣中查询图书


正题名:10小时直觉速记六级考试核心词汇     索取号:H313.1/D028         预约/预借

序号 登录号 条形码 馆藏地/架位号 状态 备注
1 764303   207643031   语言库209/209语言库 31排6列5层/ [索取号:H313.1/D028] 在馆    
2 764304   207643040   语言库209/209语言库 31排6列5层/ [索取号:H313.1/D028] 在馆    
3 764306   207643068   语言库209/209语言库 31排6列5层/ [索取号:H313.1/D028] 在馆    
4 764307   207643077   语言库209/209语言库 31排6列5层/ [索取号:H313.1/D028] 在馆    
河南城建学院图书馆 欢迎您!
大连网信软件有限公司© 版权所有